ბათუმის შოთა რუსთაველის სახელმწიფო უნივერსიტეტის ბიბლიოთეკა

Dynamics of clinical rehabilitative exercise / (ბიბ.ჩანაწერი № 57501)

000 -LEADER
fixed length control field 01149cam a2200349 a 4500
001 - CONTROL NUMBER
control field 1524493
005 - DATE AND TIME OF LATEST TRANSACTION
control field 20200629134942.0
008 - FIXED-LENGTH DATA ELEMENTS--GENERAL INFORMATION
fixed length control field 900927s1992 mdua b 001 0 eng c
010 ## - LIBRARY OF CONGRESS CONTROL NUMBER
LC control number 90013124
020 ## - INTERNATIONAL STANDARD BOOK NUMBER
International Standard Book Number 0683066544
020 ## - INTERNATIONAL STANDARD BOOK NUMBER
International Standard Book Number 9780683066548
040 ## - CATALOGING SOURCE
Original cataloging agency DNLM/DLC
Transcribing agency DLC
Modifying agency DLC
041 ## - LANGUAGE CODE
Language code of text/sound track or separate title eng
050 00 - LIBRARY OF CONGRESS CALL NUMBER
Classification number RZ255
Item number .O73 1991
060 ## - NATIONAL LIBRARY OF MEDICINE CALL NUMBER
Classification number WB 541 O65d
080 ## - UNIVERSAL DECIMAL CLASSIFICATION NUMBER
Universal Decimal Classification number 616 O069
082 00 - DEWEY DECIMAL CLASSIFICATION NUMBER
Classification number 615.8/2
Edition number 20
100 1# - MAIN ENTRY--PERSONAL NAME
Personal name Ordet, Stephen M.
9 (RLIN) 8880
245 10 - TITLE STATEMENT
Title Dynamics of clinical rehabilitative exercise /
Statement of responsibility, etc. Stephen M. Ordet, Leonard S. Grand.
260 ## - PUBLICATION, DISTRIBUTION, ETC.
Place of publication, distribution, etc. Baltimore :
Name of publisher, distributor, etc. Williams & Wilkins,
Date of publication, distribution, etc. c1992.
300 ## - PHYSICAL DESCRIPTION
Extent xii, 283 p. :
Other physical details ill. ;
Dimensions 26 cm.
504 ## - BIBLIOGRAPHY, ETC. NOTE
Bibliography, etc. note Includes bibliographical references and index.
650 #0 - SUBJECT ADDED ENTRY--TOPICAL TERM
Topical term or geographic name entry element Exercise therapy.
9 (RLIN) 8881
650 #0 - SUBJECT ADDED ENTRY--TOPICAL TERM
Topical term or geographic name entry element Chiropractic.
9 (RLIN) 8882
650 #2 - SUBJECT ADDED ENTRY--TOPICAL TERM
Topical term or geographic name entry element Exercise Therapy.
9 (RLIN) 8883
653 ## - INDEX TERM--UNCONTROLLED
keyword მედიცინა
653 ## - INDEX TERM--UNCONTROLLED
keyword სარეაბილიტაციო ვარჯიშები
700 1# - ADDED ENTRY--PERSONAL NAME
Personal name Grand, Leonard S.
Relator term ავტორი
9 (RLIN) 8884
906 ## - LOCAL DATA ELEMENT F, LDF (RLIN)
a 7
b cbc
c orignew
d 1
e ocip
f 19
g y-gencatlg
942 ## - ADDED ENTRY ELEMENTS (KOHA)
Source of classification or shelving scheme
Koha item type წიგნი
ეგზემპლარები
Withdrawn status Lost status Source of classification or shelving scheme Damaged status Not for loan Permanent Location Current Location Shelving location Date acquired Cost, normal purchase price Full call number Barcode Date last seen Copy number Price effective from Koha item type Public note
          ბათუმის შოთა რუსთაველის სახელმწიფო უნივერსიტეტის მთავარი ბიბლიოთეკა ბათუმის შოთა რუსთაველის სახელმწიფო უნივერსიტეტის მთავარი ბიბლიოთეკა წიგნსაცავი 2020-06-29 181.00 616 O069 60699 2020-06-29 60699 2020-06-29 წიგნი 181 ლ.